000 00561nam a2200193Ia 4500
003 LDD
008 181029s9999 xx 000 0 und d
020 _a1 84542 316 X
_cP 250.00
040 _cLDD
100 _aCantwell, John
245 4 _aThe Economics of Patents
_bThe Patent System and the Measurement of Invention
_cJohn Cantwell
260 _aCheltenham
_bAn Elgar
_c2006
300 _av2.
365 _bP 250.00
901 _a3513
_b23-11-2006
902 _a11479
_b27-12-2006
_cF
_dGBH
_e34
903 _aDiscount-10
_bReqst by : Suneet
942 _2ddc
_cBK
999 _c77014
_d77014